=LDR 00000nam 2200000 4500 =001 000388 =005 20250710031423 =035 ##$$a 0010-0725000250 =007 ta =008 250710################a##########0#ind## =020 ##$$a 978-623-307-299-1 =082 ##$$a 398.209 598 =084 ##$$a 398.209 598 DAS m =100 #$$a Das Suman =245 1#$$a Matematika ada di mana-mana 1 : $b (Tingkat sedang) /$c Suman Das =250 ##$$a Cetakan pertama =260 ##$$a Rawamangun :$b Badan pengembangan dan pusat bahasa,$c 2022 =300 ##$$a 16 hlm. : $b Ilus. ; $c 21 cm. =990 ##$$a TBM01110111